000 00683nam a22002297a 4500
005 20170124110116.0
010 _aA-938174
020 _c00.00
_a033392326
035 _aA-938174
037 _bCen Lib/Ret
040 _aDPL
_bEN
082 _aN
_bRAO
100 _aRao, G.V. Krishna
_9112955
245 _aPuppets :
_cby G.V. Krishana Rao ; traslated from the Telugu original by D. Kesava Rao
_bkeelubommalu /
260 _bMacmillan India
_aChennai
_c1997
270 _bChennai
_a21 Patullos Road Chennai
_e600002
300 _a321p.
_c21cm(Hb)
650 _a Literature
_96262
650 _aNovel
_922513
700 _aRao, D. Kesava
_9104358
942 _2ddc
_cEN
_hN
_mRAO
999 _c130764
_d130764